| 000 | 01112ngm a22003370a 4500 | ||
|---|---|---|---|
| 001 | PT13979 | ||
| 003 | AR-LpoUNG | ||
| 005 | 20210202000518.0 | ||
| 007 | vd cvaizq | ||
| 008 | 191001s1998||||ag |||||||||||||||||spa d | ||
| 040 |
_aAR-LpoUNG _bspa _cAR-LpoUNG _eaacr |
||
| 041 | _aspa | ||
| 044 | _aag | ||
| 082 | 0 | _a909.8 591v5 | |
| 245 | 1 | 0 |
_a1930-1939 : _bverás que todo es mentira : de la crisis a la tragedia de Medellín |
| 260 |
_aBuenos Aires : _bArte Gráfico Editorial Argentino, _c1998. |
||
| 300 | _aVHS (35 min.) : son., col. | ||
| 520 | _aSumario: El golpe de Uriburu; El mundial de 1930; Las primeras medias de Nylon; La república española; Se inaugura el Golden Gate; El III Reich; El cine de los años 30; La guerra del Chaco; El voto femenino. | ||
| 650 | 4 | _aCINE | |
| 650 | 4 | _aCONFLICTOS ARMADOS | |
| 650 | 4 | _aDESEMPLEO | |
| 650 | 4 | _aESPAÑA | |
| 650 | 4 | _aMEDIOS DE COMUNICACION DE MASA | |
| 650 | 4 | _aMODA | |
| 650 | 4 | _aPOLITICA ECONOMICA | |
| 650 | 4 | _aPROBLEMAS SOCIALES | |
| 653 | _aVIDEOS | ||
| 710 | 2 | _aClarín (Buenos Aires) | |
| 905 | _a13979 | ||
| 942 | _cVIDEO | ||
| 999 |
_c54998 _d54998 |
||